Pakistan criminal law journal 2021 / (Record no. 612344)

000 -LEADER
fixed length control field 00346nam a22001097a 4500
082 ## - DEWEY DECIMAL CLASSIFICATION NUMBER
Classification number 343.09549
Author Mark PAK
245 ## - TITLE STATEMENT
Title Pakistan criminal law journal 2021 /
Statement of responsibility, etc. Edited by Muhammad Wahaj Azhar and et all
260 ## - PUBLICATION, DISTRIBUTION, ETC.
Place of publication, distribution, etc. Lahore :
Name of publisher, distributor, etc. Pakistan Law House,
Date of publication, distribution, etc. 2021.
300 ## - PHYSICAL DESCRIPTION
Extent 3 v.
Dimensions 24 cm.
650 ## - SUBJECT ADDED ENTRY--TOPICAL TERM
Source of heading or term Law, Pakistan Criminal Law Journal
942 ## - ADDED ENTRY ELEMENTS (KOHA)
Source of classification or shelving scheme
Koha item type Reference
Serial record 1
Holdings
Withdrawn status Lost status Source of classification or shelving scheme Damaged status Not for loan Permanent Location Current Location Shelving location Date acquired Serial Enumeration / chronology Full call number Barcode Date last seen Price effective from Koha item type
          NUST Law School (NLS) NUST Law School (NLS) Periodicals 11/28/2024 Vol. LIV, No. 1 343.09549 PAK CL-L-1359 11/28/2024 11/28/2024 Reference
          NUST Law School (NLS) NUST Law School (NLS) Law 11/28/2024 Vol. LIV, No. 2 343.09549 PAK CL-L-1360 11/28/2024 11/28/2024 Reference
          NUST Law School (NLS) NUST Law School (NLS) Law 11/28/2024 Vol. LIV, No. 3 343.09549 PAK CL-L-1361 11/28/2024 11/28/2024 Reference
© 2023 Central Library, National University of Sciences and Technology. All Rights Reserved.